000 00273nam a2200121 a 4500
008 100921s1971|||| d
245 1 0 _aCesare Borgia
100 1 _aFusero, Clemente
260 _c1971
_aBratislava
_bObzor
020 _c25
044 _axo
_cSK
041 _aslo
999 _c10570
_d10570